Statistics for Miami Heat NBA Champions

Click here to take the quiz!

General Stats

  • This quiz has been taken 15 times
  • The average score is 12 of 28

Answer Stats

Titles Player % Correct
3Dwyane Wade
100%
2Chris Bosh
100%
1Shaquille O'Neal
93%
2LeBron James
93%
3Udonis Haslem
87%
2Shane Battier
73%
2James Jones
73%
2Mario Chalmers
67%
1Alonzo Mourning
60%
1Jason Williams
60%
1Ray Allen
53%
2Mike Miller
53%
1Gary Payton
47%
1Chris Andersen
40%
1Antoine Walker
40%
2Joel Anthony
33%
2Norris Cole
33%
1Rashard Lewis
20%
1Juwan Howard
20%
1Shandon Anderson
20%
1Derek Anderson
20%
1Jason Kapono
13%
1James Posey
13%
1Terrel Harris
7%
1Dexter Pittman
7%
1Wayne Simien
7%
1Ronny Turiaf
7%
1Michael Doleac
7%

Score Distribution

Percentile by Number Answered

Percent of People with Each Score

Your Score History

You have not taken this quiz